| 000 | 01093nam a2200265 a 4500 | ||
|---|---|---|---|
| 001 | 000020956 | ||
| 005 | 20250616101727.0 | ||
| 008 | 100824s1963 ag r 000 0 spa d | ||
| 040 |
_aDO-SdBNP _bspa _cBNPHU |
||
| 041 | 1 | 7 |
_aspa _hger _2Código de idioma MARC |
| 082 |
_a215 _bL598n |
||
| 100 | 1 |
_aLeep, Ignace, _d1909-1966 _943889 |
|
| 240 | 1 | 0 |
_aDie neue erde : teilhard de chardin und das christentum in der modernen welt. _lEspañol. |
| 245 | 1 | 3 |
_aLa nueva tierra : _bTeilhard de Chardin y el cristianismo en el mundo moderno / _cIgnace Lepp ; traducción por Justo Molina. |
| 260 |
_aBuenos Aires, (Argentina); : _bEdiciones Carlos Lohlé, _c1963. |
||
| 300 |
_a196, [1] p. ; _c20 cm. |
||
| 504 | _aIncluye referencias bibliográficas | ||
| 504 | _aIncluye notas al pie de las páginas. | ||
| 534 |
_pTítulo original en alemán: _tDie neue erde : teilhard de chardin und das christentum in der modernen welt. |
||
| 650 | 0 |
_aReligión y ciencia _97388 |
|
| 650 | 4 |
_aFilosofía cristiana _9390 |
|
| 650 | 0 |
_aCristianismo _9885 |
|
| 700 | 1 |
_aMolina, Justo, _etr. _943890 |
|
| 049 | _aBNGR | ||
| 999 |
_c20459 _d20459 |
||